00779 2200277 4500001002100000005001500021035002500036008004100061020001800102082001900120090002100139100002800160245004600188250001100234260003400245300003000279500002600309650002300335999002100358040001700379084002100396990002100417990002100438990002100459990002100480YOGYA-0411000000031720221226110414 a0010-041100000000317110405s1998 yoia g ind d a979-672-223-2 222a664.804774 aCB-D.11 1998-061 aHieronymus Budi Santoso aManisan nanas /cHieronymus Budi Santoso. aCet.1. aYogyakarta :bKanisius,c1998 a32 hlm. :bilus ;c19 cm. aBibliografi : hlm. 32 aNanas - Pengolahan aCB-D.11/1998-061 aYOPDYOGbind a664.804774 HIR m aCB-D.11/1998-061 aCB-D.11/1998-061 aCB-D.11/1998-061 aCB-D.11/1998-061